00354nam a2200109Ia 4500008004100000082002000041100001700061245002900078260005500107630001800162650006400180211109s9999||||xx |||||||||||||| ||und|| a894.8123bMUK-K aMukundhan, M 0aKuttam Thetti Meyunnavar bKamalalya Printing WorksaThiruvananthapuramc1976 xGENERAL STACK aMalayalam LiteraturevMalayalam FiictionxFictionLiterature